|
|
|
|
| LEADER |
00000naa2a2200000 4500 |
| 001 |
426071 |
| 005 |
20231101074503.0 |
| 035 |
|
|
|a (RuTPU)RU\TPU\prd\84745
|
| 035 |
|
|
|a RU\TPU\prd\30134
|
| 090 |
|
|
|a 426071
|
| 100 |
|
|
|a 20100628a2004 k y0rusy50 ca
|
| 101 |
0 |
|
|a rus
|
| 102 |
|
|
|a RU
|
| 200 |
1 |
|
|a Влияние различных факторов на повреждаемость труб парогенераторов АЭС с ВВЭР
|f С. Г. Олейник
|
| 225 |
1 |
|
|a Сьатьи
|
| 320 |
|
|
|a Библиогр.: 8 назв.
|
| 461 |
|
1 |
|0 (RuTPU)RU\TPU\prd\33
|x 0004-7163
|t Атомная энергия
|o теоретический и научно-технический журнал
|f Российская академия наук ; Министерство РФ по атомной энергии, ядерного общества
|d 1956-
|
| 463 |
|
1 |
|0 (RuTPU)RU\TPU\prd\84741
|t Т. 96, вып. 6
|v с. 440-444
|d 2004
|
| 610 |
1 |
|
|a парогенераторы
|
| 610 |
1 |
|
|a трубчатки
|
| 610 |
1 |
|
|a эксплутационные факторы
|
| 610 |
1 |
|
|a надежность
|
| 610 |
1 |
|
|a теплообменные трубы
|
| 610 |
1 |
|
|a атомные электрические станции
|
| 675 |
|
|
|a 620.132.02:62.039
|v 3
|
| 700 |
|
1 |
|a Олейник
|b С. Г.
|
| 801 |
|
1 |
|a RU
|b 63413507
|c 20041119
|g PSBO
|
| 801 |
|
2 |
|a RU
|b 63413507
|c 20100628
|g RCR
|
| 942 |
|
|
|c BK
|